| 000 | 00987pam a2200265 a 4500 | ||
|---|---|---|---|
| 001 | 690374 | ||
| 005 | 20250317184551.0 | ||
| 008 | 960523s1997 nyua b 001 0 eng | ||
| 020 | _a0070463727 | ||
| 020 | _a9780070463721 | ||
| 050 | 0 | 0 |
_aHN18 _b.N47 1997 |
| 082 | 0 | 0 |
_a361.1 _220 |
| 100 | 1 | _aNeubeck, Kenneth J. | |
| 245 | 1 | 0 |
_aSocial problems : _ba critical approach / _cKenneth J. Neubeck, Mary Alice Neubeck. |
| 250 | _a4th ed. | ||
| 260 |
_aNew York : _bThe McGraw-Hill Companies, _c1997. |
||
| 300 |
_axvii, 646 p. : _bill. ; _c24 cm. |
||
| 650 | 0 | _aSocial problems. | |
| 650 | 0 |
_aSocial history _y20th century. |
|
| 700 | 1 | _aNeubeck, Mary Alice. | |
| 856 | 4 | 2 |
_3Publisher description _uhttp://www.loc.gov/catdir/description/mh022/96022208.html |
| 856 | 4 | 1 |
_3Table of contents _uhttp://www.loc.gov/catdir/toc/mh022/96022208.html |
| 856 | 4 | 2 |
_3Contributor biographical information _uhttp://www.loc.gov/catdir/enhancements/fy0737/96022208-b.html |
| 942 |
_2lcc _cBK _e4th Ed. _n0 |
||
| 999 |
_c4908 _d4908 |
||